| 000 | 01579nam a2200397 a 4500 | ||
|---|---|---|---|
| 001 | ebr10681098 | ||
| 003 | CaPaEBR | ||
| 006 | m u | ||
| 007 | cr cn||||||||| | ||
| 008 | 090603s2009 nyua sb 001 0 eng d | ||
| 010 | _z 2009021047 | ||
| 020 | _z9781607418368 (hardcover) | ||
| 020 | _z1607418363 (hardcover) | ||
| 020 | _z9781617285967 (e-book) | ||
| 040 |
_aCaPaEBR _cCaPaEBR |
||
| 035 | _a(OCoLC)666378297 | ||
| 050 | 1 | 4 |
_aTD899.T3 _bD385 2009eb |
| 082 | 0 | 4 |
_a675/.230286 _222 |
| 100 | 1 | _aDe, Sirshendu. | |
| 245 | 1 | 0 |
_aTreatment of tannery effluents by membrane separation technology _h[electronic resource] / _cSirshendu De, Chandan Das and Sunando DasGupta. |
| 260 |
_aNew York : _bNova Science Publishers, _cc2009. |
||
| 300 |
_a156 p. : _bill. |
||
| 490 | 1 | _aChemical engineering methods and technology series | |
| 504 | _aIncludes bibliographical references and index. | ||
| 533 |
_aElectronic reproduction. _bPalo Alto, Calif. : _cebrary, _d2013. _nAvailable via World Wide Web. _nAccess may be limited to ebrary affiliated libraries. |
||
| 650 | 0 |
_aTanneries _xWaste disposal. |
|
| 650 | 0 |
_aSewage _xPurification. |
|
| 650 | 0 | _aMembrane separation. | |
| 650 | 0 |
_aWater _xPurification _xMembrane filtration. |
|
| 655 | 7 |
_aElectronic books. _2local |
|
| 700 | 1 | _aDas, Chandan. | |
| 700 | 1 | _aDasGupta, Sunando. | |
| 710 | 2 | _aebrary, Inc. | |
| 830 | 0 | _aChemical engineering methods and technology. | |
| 856 | 4 | 0 |
_uhttp://site.ebrary.com/lib/rucke/Doc?id=10681098 _zAn electronic book accessible through the World Wide Web; click to view |
| 999 |
_c174764 _d174764 |
||